[Event "Titled Tuesday intern op 02nd May Early"]
[Site "Chess.com INT"]
[Date "2023.05.02"]
[Round "10"]
[White "Sanchez, German"]
[Black "Kubatko, Ivan"]
[Result "1-0"]
[WhiteElo "1832"]
[BlackElo "2257"]
[PlyCount "147"]
[EventDate "2023.05.02"]
[EventType "swiss (blitz)"]
[EventRounds "11"]
[EventCountry "USA"]
[SourceTitle "EXT 2024"]
[Source "ChessBase"]
[SourceDate "2023.10.10"]
[SourceVersion "1"]
[SourceVersionDate "2023.10.10"]
[SourceQuality "1"]

1. e4 d5 2. exd5 Qxd5 3. d4 e5 4. Nf3 Nc6 5. c4 Qe4+ 6. Be2 Nxd4 7. Nxd4 Qxd4 8. Qb3 Qb6 9. Qg3 Qa5+ 10. Nc3 Nf6 11. 0-0 Be6 12. a3 0-0-0 13. b4 Bxb4 14. Nb5 Nd7 15. Be3 Bd6 16. Nxa7+ Kb8 17. Rab1 Nb6 18. Nb5 Bxc4 19. Bxb6 Qxb6 20. Nxd6 Qxd6 21. Bxc4 f5 22. h3 g6 23. Qb3 Qc6 24. Rfd1 Rxd1+ 25. Rxd1 e4 26. Bd5 Qa6 27. Rb1 c6 28. Qc3 Rd8 29. Bxc6 Rc8 30. Qe5+ Rc7 31. Rxb7+ Qxb7 32. Bxb7 Kxb7 33. h4 Kc8 34. h5 Kb7 35. hxg6 hxg6 36. Qd5+ Rc6 37. Qd7+ Kb6 38. a4 Rc1+ 39. Kh2 Rc6 40. a5+ Kc5 41. Qe7+ Kb5 42. Qd7 Kc5 43. Kg3 Kb5 44. Kf4 Kc5 45. Kg5 Ra6 46. Qc7+ Kb5 47. Qb7+ Kxa5 48. Qb2 Rb6 49. Qa2+ Kb5 50. g3 Kc5 51. Qe2 Rd6 52. Qb2 Kc6 53. Qb4 Re6 54. Qa4+ Kd5 55. Qa8+ Ke5 56. Qg8 Kd5 57. Qf8 Ke5 58. Qb4 Kd5 59. Kf4 Rd6 60. Qb3+ Kc6 61. Qf7 Kc5 62. Ke5 Rc6 63. Qd7 Kb5 64. Kd4 Kb6 65. Qd8+ Kb7 66. Kd5 Rc1 67. Ke6 Rc6+ 68. Kf7 Rc7+ 69. Kxg6 Rc5 70. Qe7+ Kc6 71. Qxc5+ Kxc5 72. Kxf5 Kd4 73. g4 Kd3 74. g5 1-0

[Event "Titled Tuesday intern op 28th Mar Early"]
[Site "Chess.com INT"]
[Date "2023.03.28"]
[Round "4"]
[White "Hindermann, Felix"]
[Black "Sanchez, German"]
[Result "0-1"]
[WhiteElo "2297"]
[BlackElo "1832"]
[PlyCount "68"]
[EventDate "2023.03.28"]
[EventType "swiss (blitz)"]
[EventRounds "11"]
[EventCountry "USA"]
[SourceTitle "EXT 2024"]
[Source "ChessBase"]
[SourceDate "2023.10.10"]
[SourceVersion "1"]
[SourceVersionDate "2023.10.10"]
[SourceQuality "1"]

1. e4 c5 2. c3 d6 3. d4 cxd4 4. cxd4 Nf6 5. Nc3 g6 6. Nf3 Bg7 7. Be2 0-0 8. 0-0 Nc6 9. Be3 Bg4 10. d5 Bxf3 11. Bxf3 Ne5 12. Be2 a6 13. Rc1 b5 14. f4 Nc4 15. Bxc4 bxc4 16. Bd4 Rb8 17. Rf2 h5 18. h3 Nd7 19. Bxg7 Kxg7 20. Qd4+ Kg8 21. Qxc4 Qb6 22. Qc6 Qe3 23. Nd1 Qe1+ 24. Rf1 Qd2 25. Rc2 Qd4+ 26. Nf2 Rfc8 27. Qxc8+ Rxc8 28. Rxc8+ Kg7 29. Rc7 Nc5 30. Rxe7 Kf8 31. Rc7 Nxe4 32. Rc2 h4 33. Re2 Ng3 34. Re4 Nxe4 0-1

[Event "Titled Tuesday intern op 28th Mar Early"]
[Site "Chess.com INT"]
[Date "2023.03.28"]
[Round "5"]
[White "Sanchez, German"]
[Black "Karamsetty, Jeevan"]
[Result "0-1"]
[WhiteElo "1832"]
[BlackElo "2206"]
[PlyCount "148"]
[EventDate "2023.03.28"]
[EventType "swiss (blitz)"]
[EventRounds "11"]
[EventCountry "USA"]
[SourceTitle "EXT 2024"]
[Source "ChessBase"]
[SourceDate "2023.10.10"]
[SourceVersion "1"]
[SourceVersionDate "2023.10.10"]
[SourceQuality "1"]

1. e4 g6 2. Nf3 d6 3. d4 Nf6 4. Nc3 Bg7 5. h4 h5 6. Bc4 Nc6 7. Ng5 e6 8. d5 Ne5 9. Bb3 exd5 10. Nxd5 0-0 11. Bf4 Nxd5 12. Bxd5 c6 13. Bb3 Qf6 14. Qd2 b5 15. 0-0-0 Nc4 16. e5 dxe5 17. Bxc4 exf4 18. Bxf7+ Rxf7 19. Qd8+ Rf8 20. Qxf6 Bxf6 21. Rd6 Bf5 22. Rxc6 Rac8 23. Rxc8 Rxc8 24. c3 b4 25. Kd2 bxc3+ 26. bxc3 Bxc3+ 27. Ke2 Re8+ 28. Kf3 Bg4+ 29. Kxf4 Be5+ 30. Ke3 Bg3+ 31. Kd2 Bxf2 32. Kc3 Re2 33. a4 a5 34. Kc4 Rb2 35. Kd5 Kg7 36. Rc1 Rb7 37. Kc6 Re7 38. Rf1 Bxh4 39. Nf3 Bxf3+ 40. gxf3 Bf6 41. f4 h4 42. Kb5 Ra7 43. Kb6 Ra8 44. Rd1 h3 45. Rd7+ Kh6 46. Rd3 Kh5 47. Rxh3+ Kg4 48. Rb3 Kxf4 49. Kc6 g5 50. Kd5 g4 51. Ke6 Bd4 52. Rb1 Be3 53. Kd5 g3 54. Rf1+ Bf2 55. Kc4 Kf3 56. Kd3 g2 57. Rb1 g1Q 58. Rxg1 Bxg1 59. Kc4 Be3 60. Kb5 Bd2 61. Kb6 Bb4 62. Kb7 Rg8 63. Kb6 Rg1 64. Kb5 Ra1 65. Kc4 Rxa4 66. Kb5 Ra2 67. Kc4 Rc2+ 68. Kb3 Rc8 69. Ka4 Be7 70. Kb3 Ke4 71. Ka4 Kd5 72. Kb5 Rb8+ 73. Ka4 Kc5 74. Kxa5 Ra8# 0-1

[Event "Titled Tuesday intern op 28th Mar Early"]
[Site "Chess.com INT"]
[Date "2023.03.28"]
[Round "6"]
[White "Sanchez, German"]
[Black "Mazurkiewicz, Michal"]
[Result "0-1"]
[WhiteElo "1832"]
[BlackElo "2145"]
[PlyCount "48"]
[EventDate "2023.03.28"]
[EventType "swiss (blitz)"]
[EventRounds "11"]
[EventCountry "USA"]
[SourceTitle "EXT 2024"]
[Source "ChessBase"]
[SourceDate "2023.10.10"]
[SourceVersion "1"]
[SourceVersionDate "2023.10.10"]
[SourceQuality "1"]

1. e4 d6 2. d4 Nf6 3. Nc3 c6 4. Nf3 Bg4 5. Bc4 e6 6. Bg5 Be7 7. Qd3 d5 8. Bb3 dxe4 9. Nxe4 Bxf3 10. Qxf3 Nxe4 11. Bxe7 Qa5+ 12. c3 Nxc3 13. bxc3 Kxe7 14. 0-0 Re8 15. Qh3 h6 16. Rfe1 Kf8 17. Re5 Qa3 18. Rae1 Nd7 19. Rh5 Nf6 20. Rh4 e5 21. Rxh6 exd4 22. Rh8+ Ng8 23. Rd1 Qe7 24. Qh7 Qe1+ 0-1

[Event "San Francisco cat 3rd"]
[Site "San Francisco"]
[Date "2000.07.22"]
[Round "4"]
[White "Barrios, Marina"]
[Black "Sanchez, German"]
[Result "1-0"]
[WhiteElo "750"]
[BlackElo "782"]
[PlyCount "93"]
[EventDate "2000.07.15"]
[EventType "swiss"]
[EventRounds "6"]
[EventCountry "ARG"]
[SourceTitle "EXT 2005"]
[Source "ChessBase"]
[SourceDate "2004.11.15"]
[SourceVersion "1"]
[SourceVersionDate "2004.11.15"]
[SourceQuality "1"]

1. e4 c5 2. Nc3 Nc6 3. g3 g6 4. Bg2 Bg7 5. Nge2 d6 6. 0-0 e5 7. Nd5 Nge7 8. Nec3 a6 9. d3 0-0 10. f4 f5 11. exf5 Nxf5 12. Bd2 Rb8 13. a3 Bd7 14. Ne4 Be6 15. Ng5 Qe8 16. Nc7 Qd7 17. Ncxe6 Rfe8 18. Nxg7 Nxg7 19. Bd5+ Ne6 20. Nxe6 Rxe6 21. f5 gxf5 22. Rxf5 Kh8 23. Bxe6 Qxe6 24. Qh5 Nd4 25. Rf7 Qg6 26. Qxg6 hxg6 27. Raf1 Nxc2 28. Rf8+ Rxf8 29. Rxf8+ Kg7 30. Rb8 b5 31. Rb6 Nd4 32. Rxd6 Nf3+ 33. Kf2 Nxd2 34. Rxa6 c4 35. Re6 cxd3 36. Rxe5 Nc4 37. Rxb5 d2 38. Rd5 Nxb2 39. Rxd2 Nc4 40. Ra2 Kf6 41. a4 Na5 42. Ke3 Ke5 43. Kd3 Kd5 44. Rb2 Kc6 45. Rb5 Nb7 46. Rg5 Nc5+ 47. Rxc5+ 1-0

[Event "San Francisco cat 3rd"]
[Site "San Francisco"]
[Date "2000.07.16"]
[Round "3"]
[White "Sanchez, German"]
[Black "Gonzalez, Cristian"]
[Result "1-0"]
[WhiteElo "782"]
[BlackElo "646"]
[PlyCount "124"]
[EventDate "2000.07.15"]
[EventType "swiss"]
[EventRounds "6"]
[EventCountry "ARG"]
[SourceTitle "EXT 2005"]
[Source "ChessBase"]
[SourceDate "2004.11.15"]
[SourceVersion "1"]
[SourceVersionDate "2004.11.15"]
[SourceQuality "1"]

1. d4 d5 2. c4 c6 3. Nf3 Nf6 4. Nc3 Bf5 5. Qb3 Qc7 6. cxd5 cxd5 7. Nxd5 Nxd5 8. Qxd5 e6 9. Qb5+ Nd7 10. Bd2 b6 11. Rc1 Qd8 12. e3 Be7 13. Bd3 Bxd3 14. Qxd3 0-0 15. 0-0 Nc5 16. Qb1 Nd7 17. Rc2 Bd6 18. Rfc1 Nf6 19. Rc6 e5 20. dxe5 Bxe5 21. Nxe5 Qxd2 22. Rd1 Qe2 23. Qc2 Qxc2 24. Rxc2 Rfe8 25. Nf3 g6 26. Rc7 Rad8 27. Rdc1 a5 28. g3 Ne4 29. Kg2 Kg7 30. Rb7 Rd6 31. Rcc7 Rf6 32. Re7 Rxe7 33. Rxe7 Nc5 34. Ne5 Na4 35. Nc4 Nc5 36. Rc7 Nd3 37. f4 Ne1+ 38. Kf2 Nd3+ 39. Kf1 Rf5 40. Nd6 Rd5 41. Nxf7 Kf8 42. Ng5 h5 43. Rc2 Nb4 44. Rc8+ Ke7 45. a3 Rd1+ 46. Ke2 Rd8 47. Rxd8 Kxd8 48. axb4 axb4 49. e4 Kd7 50. e5 b3 51. e6+ Ke7 52. h3 b5 53. g4 hxg4 54. hxg4 b4 55. Ke3 Kf6 56. Ke4 Ke7 57. f5 gxf5+ 58. gxf5 Kf6 59. Nf3 Ke7 60. Ke5 Ke8 61. f6 Kf8 62. e7+ Ke8 1-0

[Event "San Francisco cat 3rd"]
[Site "San Francisco"]
[Date "2000.07.15"]
[Round "1"]
[White "Sanchez, German"]
[Black "Raspo, Maximiliano"]
[Result "1-0"]
[WhiteElo "782"]
[BlackElo "650"]
[PlyCount "124"]
[EventDate "2000.07.15"]
[EventType "swiss"]
[EventRounds "6"]
[EventCountry "ARG"]
[SourceTitle "EXT 2005"]
[Source "ChessBase"]
[SourceDate "2004.11.15"]
[SourceVersion "1"]
[SourceVersionDate "2004.11.15"]
[SourceQuality "1"]

1. d4 d5 2. c4 e6 3. Nc3 Nf6 4. Bg5 Be7 5. e3 0-0 6. Nf3 h6 7. Bh4 Ne4 8. Bxe7 Qxe7 9. cxd5 Nxc3 10. bxc3 exd5 11. Qb3 Qd6 12. c4 c6 13. cxd5 cxd5 14. Bd3 b6 15. 0-0 Nd7 16. Rac1 Nf6 17. Rc2 Ne4 18. Rfc1 Bd7 19. Ba6 Qe6 20. Bb7 Rab8 21. Bxd5 Qf5 22. Rc7 Nf6 23. Bc4 a5 24. Ne5 Be6 25. Bxe6 Qxe6 26. Qxe6 fxe6 27. R1c6 Nd5 28. Nd7 Nxc7 29. Nxf8 Kxf8 30. Rxc7 b5 31. Kf1 a4 32. Ke2 g6 33. Kd2 b4 34. Kc2 Kg8 35. Ra7 Rc8+ 36. Kb2 a3+ 37. Kb3 Rc3+ 38. Kxb4 Rc2 39. Kxa3 Rxf2 40. Kb4 Rxg2 41. a4 Rxh2 42. Re7 g5 43. Rxe6 Kf7 44. d5 g4 45. Re4 h5 46. d6 Rd2 47. Kc5 g3 48. Rf4+ Ke6 49. Rf1 Rxd6 50. a5 g2 51. Rg1 Rd2 52. a6 h4 53. a7 Ra2 54. Rxg2 Rxa7 55. Kd4 Rh7 56. Rh2 Kf5 57. e4+ Kg4 58. e5 Kg3 59. Re2 h3 60. e6 h2 61. e7 Rxe7 62. Rxe7 h1Q 1-0